Statistics for Formula 1 Teams with most Firsts Rows locked

Click here to take the quiz!

General Stats

  • This quiz has been taken 40 times
  • The average score is 11 of 19

Answer Stats

Firsts rows lockedTeam% Correct
81Mercedes
100%
62McLaren
97%
26Red Bull
97%
62Williams
97%
68Ferrari
94%
9Lotus
81%
22Renault
72%
4Brabham
69%
1Benetton
58%
4Alfa Romeo
56%
1Tyrrell
56%
1Brawn GP
50%
1Vanwall
47%
2Cooper
42%
5Ligier
36%
1Toyota
33%
1March
19%
3Kurtis Kraft
3%
1Watson
3%

Score Distribution

Percentile by Number Answered

Percent of People with Each Score

Your Score History

You have not taken this quiz